[Event "29. Klatovy C 2023"]
[Site "Klatovy"]
[Date "2023.07.04"]
[Round "4.8"]
[White "Truksa, Vaclav"]
[Black "Sibl, Vaclav"]
[Result "1/2-1/2"]
[WhiteElo "1725"]
[BlackElo "1840"]
[PlyCount "55"]
[EventDate "2023.07.01"]
[EventType "swiss"]
[EventRounds "9"]
[EventCountry "CZE"]
[TimeControl "120+30"]

1. d4 {[%emt 0:00:06]} d6 {[%emt 0:00:37]} 2. c4 {[%emt 0:00:22]} e5 {[%emt 0:00:06]} 3. dxe5 {[%emt 0:00:24]} dxe5 {[%emt 0:00:12]} 4. Qxd8+ {[%emt 0:00:06]} Kxd8 {[%emt 0:00:00]} 5. e3 {[%emt 0:01:03]} c6 {[%emt 0:00:31]} 6. Bd3 {[%emt 0:00:25]} f6 {[%emt 0:00:48]} 7. Nc3 {[%emt 0:01:07]} Be6 {[%emt 0:00:21]} 8. a3 {[%emt 0:00:52]} a5 {[%emt 0:00:20]} 9. Nge2 {[%emt 0:00:51]} Nd7 {[%emt 0:00:37]} 10. O-O {[%emt 0:00:23]} Nc5 {[%emt 0:00:43]} 11. Rd1 {[%emt 0:00:34]} Kc7 {[%emt 0:00:14]} 12. Bc2 {[%emt 0:01:27]} Bxc4 {[%emt 0:00:35]} 13. Ng3 {[%emt 0:00:31]} Bb3 {[%emt 0:02:49]} 14. Bxb3 {[%emt 0:00:33]} Nxb3 {[%emt 0:00:02]} 15. Rb1 {[%emt 0:00:24]} Nh6 {[%emt 0:00:30]} 16. e4 {[%emt 0:00:40]} Nxc1 {[%emt 0:00:33]} 17. Rbxc1 {[%emt 0:00:23]} Be7 {[%emt 0:04:38]} 18. Nd5+ {[%emt 0:00:44]} Kd6 {[%emt 0:00:54]} 19. Nb6+ {[%emt 0:00:32]} Ke6 {[%emt 0:00:08]} 20. Nxa8 {[%emt 0:00:26]} Rxa8 {[%emt 0:00:00]} 21. Kf1 {[%emt 0:00:48]} g6 {[%emt 0:00:15]} 22. h3 {[%emt 0:00:28]} Nf7 {[%emt 0:00:17]} 23. f3 {[%emt 0:00:18]} Rd8 {[%emt 0:01:03]} 24. Ne2 {[%emt 0:01:26]} Rxd1+ {[%emt 0:00:23]} 25. Rxd1 {[%emt 0:00:10]} Nd6 {[%emt 0:00:23]} 26. Rc1 {[%emt 0:00:50]} Nb5 {[%emt 0:01:25]} 27. Rc4 {[%emt 0:01:56]} Nd6 {[%emt 0:01:16]} 28. Rc1 {[%emt 0:01:33]} 1/2-1/2

[Event "29. Klatovy C 2023"]
[Site "Klatovy"]
[Date "2023.07.04"]
[Round "4.9"]
[White "Macho, Miloslav"]
[Black "Zednik, Zdenek"]
[Result "1-0"]
[WhiteElo "1705"]
[BlackElo "1836"]
[PlyCount "45"]
[EventDate "2023.07.01"]
[EventType "swiss"]
[EventRounds "9"]
[EventCountry "CZE"]

1. e4 c5 2. b4 cxb4 3. a3 e6 4. Nf3 Nc6 5. axb4 Bxb4 6. c3 Be7 7. d4 d5 8. e5 Qc7 9. Bb5 Bd7 10. Qe2 a6 11. Ba4 Rc8 12. O-O Nb8 13. Ng5 Bxa4 14. Rxa4 Qd7 15. Ra1 Bxg5 16. Bxg5 Ne7 17. h4 Qc7 18. Bc1 h5 19. Bg5 Qc4 20. Qb2 Rc7 21. Qa3 Rf8 22. Qd6 Qc6 23. Bxe7 1-0

[Event "29. Klatovy C 2023"]
[Site "Klatovy"]
[Date "2023.07.04"]
[Round "4.10"]
[White "Hlavac, Rudolf"]
[Black "Skalny, Petr"]
[Result "1/2-1/2"]
[WhiteElo "1827"]
[BlackElo "1561"]
[PlyCount "98"]
[EventDate "2023.07.01"]
[EventType "swiss"]
[EventRounds "9"]
[EventCountry "CZE"]

1. e4 d5 2. exd5 Qxd5 3. Nc3 Qa5 4. d4 c6 5. Bd2 Qc7 6. Nf3 Nf6 7. Be2 Bf5 8. O-O e6 9. Bg5 Nbd7 10. a3 Bd6 11. Bh4 O-O 12. Bg3 h6 13. Nh4 Bh7 14. Bd3 Bxd3 15. Qxd3 Rad8 16. Rfd1 Rfe8 17. Qe2 Bxg3 18. hxg3 Nd5 19. Rd3 Nxc3 20. Rxc3 Nf6 21. Rd3 c5 22. Rad1 cxd4 23. Rxd4 Rxd4 24. Rxd4 Rd8 25. Rxd8+ Qxd8 26. c4 Qd4 27. Nf3 Qe4 28. Qxe4 Nxe4 29. Kf1 Kf8 30. Ke2 Ke7 31. Ke3 Nd6 32. Kd4 Kd7 33. Ne5+ Kc7 34. c5 Nf5+ 35. Kc4 f6 36. Nf7 e5 37. Kd5 b6 38. b4 Nd4 39. a4 Nc2 40. b5 Nb4+ 41. Kc4 bxc5 42. a5 e4 43. Kxc5 Nd3+ 44. Kd4 Nxf2 45. b6+ axb6 46. axb6+ Kxb6 47. Nd6 Kc6 48. Nf5 Ng4 49. Kxe4 g5 1/2-1/2

[Event "29. Klatovy C 2023"]
[Site "Klatovy"]
[Date "2023.07.04"]
[Round "4.11"]
[White "Ondrejat, Miroslav"]
[Black "Richter, Martin1"]
[Result "1/2-1/2"]
[WhiteElo "1838"]
[BlackElo "1946"]
[PlyCount "55"]
[EventDate "2023.07.01"]
[EventType "swiss"]
[EventRounds "9"]
[EventCountry "CZE"]

1. d4 Nf6 2. c4 e6 3. Nf3 d5 4. Nc3 c6 5. Bg5 Nbd7 6. e3 Qa5 7. Nd2 dxc4 8. Bxf6 Nxf6 9. Nxc4 Qc7 10. Bd3 Be7 11. O-O O-O 12. Rc1 Bd7 13. e4 c5 14. e5 Nd5 15. dxc5 Qxc5 16. Ne4 Qc7 17. Qh5 h6 18. Ne3 Qa5 19. Nxd5 Qxd5 20. Rcd1 f5 21. Nc3 Qxe5 22. Rfe1 Qf6 23. Bc4 Be8 24. Qe2 Bb4 25. Bxe6+ Bf7 26. Nd5 Qxe6 27. Qxe6 Bxe6 28. Nxb4 1/2-1/2

[Event "29. Klatovy C 2023"]
[Site "Klatovy"]
[Date "2023.07.04"]
[Round "4.12"]
[White "Cecil, Pavel"]
[Black "Burgermeister, Michal"]
[Result "1/2-1/2"]
[WhiteElo "1845"]
[BlackElo "1745"]
[PlyCount "114"]
[EventDate "2023.07.01"]
[EventType "swiss"]
[EventRounds "9"]
[EventCountry "CZE"]

1. Nf3 Nf6 2. d4 g6 3. g3 Bg7 4. Bg2 O-O 5. O-O d6 6. c4 c6 7. Nc3 Nbd7 8. b3 e5 9. dxe5 dxe5 10. e4 Re8 11. Qc2 Qc7 12. h3 a5 13. Be3 b6 14. Rfd1 Bb7 15. Rd2 Rad8 16. Rad1 h6 17. Na4 g5 18. c5 b5 19. Nb2 Nh7 20. a4 Ba6 21. Bf1 Bf6 22. axb5 Bxb5 23. Bxb5 cxb5 24. Rd5 Nb8 25. Rxd8 Rxd8 26. Rxd8+ Bxd8 27. Qd3 Nc6 28. Qxb5 Nf6 29. Nd2 Be7 30. Na4 Kg7 31. Kg2 Kg6 32. Qc4 Nb4 33. Nb6 Qc6 34. Nf3 Qc7 35. Nd5 Nfxd5 36. exd5 Bf6 37. Qe4+ Kg7 38. Nd2 Qd7 39. d6 Qc6 40. Qxc6 Nxc6 41. Nc4 Bd8 42. Bd2 Kf6 43. Bc3 Ke6 44. Bd2 Kd5 45. Be3 Nd4 46. Bxd4 exd4 47. Kf3 Kxc5 48. Ke4 a4 49. Kd3 axb3 50. Nd2 Kxd6 51. Nxb3 Bb6 52. Ke4 Ke6 53. g4 d3 54. f3 Bf2 55. Kxd3 f5 56. Nd4+ Bxd4 57. Kxd4 fxg4 1/2-1/2

[Event "29. Klatovy C 2023"]
[Site "Klatovy"]
[Date "2023.07.04"]
[Round "4.13"]
[White "Vavrinek, Tomas"]
[Black "Kucera, Jiri"]
[Result "0-1"]
[WhiteElo "1698"]
[BlackElo "1920"]
[PlyCount "66"]
[EventDate "2023.07.01"]
[EventType "swiss"]
[EventRounds "9"]
[EventCountry "CZE"]

1. d4 d6 2. Nf3 f5 3. c4 Nf6 4. Nc3 g6 5. b3 Bg7 6. Bb2 O-O 7. e3 Qe8 8. Qc2 c6 9. Be2 Na6 10. a3 e5 11. dxe5 dxe5 12. O-O-O Nc5 13. Nd2 a5 14. f3 Bd7 15. h3 b5 16. Kb1 b4 17. Na2 Qb8 18. a4 Bh6 19. e4 fxe4 20. Nxe4 Bf5 21. g4 Bxe4 22. fxe4 Nfxe4 23. Rhf1 Nf2 24. Rde1 Nce4 25. Bc1 Bxc1 26. Nxc1 Qd6 27. Nd3 Nc3+ 28. Ka1 Nxh3 29. Bf3 e4 30. Bxe4 Rxf1 31. Rxf1 Nxe4 32. c5 Qd4+ 33. Kb1 Rd8 0-1

[Event "29. Klatovy C 2023"]
[Site "Klatovy"]
[Date "2023.07.04"]
[Round "4.14"]
[White "Kovar, Vaclav 1953"]
[Black "Vyskocil, Vladimir"]
[Result "1/2-1/2"]
[WhiteElo "1583"]
[BlackElo "1735"]
[PlyCount "31"]
[EventDate "2023.07.01"]
[EventType "swiss"]
[EventRounds "9"]
[EventCountry "CZE"]

1. d4 Nf6 2. c4 e6 3. Nc3 Bb4 4. Bg5 O-O 5. e3 h6 6. Bh4 d5 7. cxd5 exd5 8. Nf3 Bg4 9. Be2 c6 10. O-O Nbd7 11. Rc1 Qc7 12. h3 Bh5 13. Nh2 Bxe2 14. Qxe2 Bd6 15. Ng4 Be7 16. Nxf6+ 1/2-1/2

[Event "29. Klatovy C 2023"]
[Site "Klatovy"]
[Date "2023.07.04"]
[Round "4.15"]
[White "Nussbauer, Ladislav"]
[Black "Mlynek, Petr"]
[Result "1-0"]
[WhiteElo "1516"]
[BlackElo "2035"]
[PlyCount "79"]
[EventDate "2023.07.01"]
[EventType "swiss"]
[EventRounds "9"]
[EventCountry "CZE"]

1. d4 d5 2. c4 c6 3. Nf3 e6 4. Bf4 Nf6 5. e3 Bb4+ 6. Nbd2 O-O 7. a3 Be7 8. h3 Nh5 9. Bh2 f5 10. Be2 Nf6 11. O-O Ne4 12. Ne5 Nd7 13. Rc1 Ndf6 14. b4 a5 15. c5 axb4 16. axb4 Bd7 17. f3 Nxd2 18. Qxd2 Ra4 19. Ra1 Qa8 20. Qb2 b5 21. Rxa4 bxa4 22. Ra1 Qb7 23. Rxa4 Ra8 24. Qa3 Rxa4 25. Qxa4 Be8 26. Qa5 g5 27. Ba6 Qa8 28. Qb6 f4 29. Qb7 Qxb7 30. Bxb7 fxe3 31. Bxc6 Kf8 32. b5 Bxc6 33. Nxc6 Nd7 34. Nxe7 Kxe7 35. b6 e5 36. Bxe5 Nxe5 37. dxe5 Kd7 38. b7 Kc7 39. c6 d4 40. Kf1 1-0

[Event "29. Klatovy C 2023"]
[Site "Klatovy"]
[Date "2023.07.04"]
[Round "4.16"]
[White "Prachar, Josef"]
[Black "Novy, Jaroslav"]
[Result "1-0"]
[WhiteElo "1732"]
[BlackElo "1482"]
[PlyCount "77"]
[EventDate "2023.07.01"]
[EventType "swiss"]
[EventRounds "9"]
[EventCountry "CZE"]

1. d4 d5 2. c4 e6 3. Nc3 Nf6 4. Bg5 c6 5. e3 Bb4 6. cxd5 exd5 7. Bd3 h6 8. Bh4 Be6 9. Nge2 Nbd7 10. O-O Bg4 11. f3 Bh5 12. Bf2 Bd6 13. Qc2 O-O 14. Bg3 Bxg3 15. Nxg3 c5 16. Nxh5 Nxh5 17. Nxd5 cxd4 18. exd4 Nhf6 19. Nc3 Rc8 20. Qf2 Qa5 21. Rad1 Nb6 22. Bb1 Rcd8 23. Rfe1 Rfe8 24. Rxe8+ Rxe8 25. a3 Nbd5 26. Ne4 Qc7 27. g3 Rc8 28. Qd2 b6 29. Nxf6+ Nxf6 30. Bf5 Re8 31. Rc1 Qe7 32. Kf2 Nd7 33. Re1 Qxe1+ 34. Qxe1 Rxe1 35. Kxe1 Nf6 36. Kd2 Kf8 37. Kd3 Ke7 38. Kc4 Kd6 39. Be4 1-0

[Event "29. Klatovy C 2023"]
[Site "Klatovy"]
[Date "2023.07.04"]
[Round "4.17"]
[White "Berka, Lubos"]
[Black "Rezny, Frantisek"]
[Result "0-1"]
[WhiteElo "1715"]
[BlackElo "1476"]
[PlyCount "72"]
[EventDate "2023.07.01"]
[EventType "swiss"]
[EventRounds "9"]
[EventCountry "CZE"]

1. e4 d5 2. exd5 Qxd5 3. Nc3 Qd8 4. d4 Nf6 5. Nf3 Bg4 6. Be2 e6 7. O-O c6 8. Ne5 Bxe2 9. Nxe2 Nbd7 10. Bg5 Be7 11. Ng3 O-O 12. Qe2 Nd5 13. Bxe7 Qxe7 14. Rad1 Rad8 15. Rfe1 N7f6 16. c3 Nf4 17. Qf3 Ng6 18. Re3 Nd5 19. Ree1 Nh4 20. Qe4 f5 21. Qe2 Nf4 22. Qd2 Nfxg2 23. Re2 f4 24. Nh1 Qg5 25. Ng3 Rd5 26. Kh1 Rxe5 27. Rxe5 Qg6 28. Qe2 f3 29. Qc4 Nf4 30. Rf1 Qg4 31. Rxe6 Kh8 32. Qc5 Rg8 33. Re7 Qh3 34. Rg1 Qg2+ 35. Rxg2 fxg2+ 36. Kg1 Nf3# 0-1

[Event "29. Klatovy C 2023"]
[Site "Klatovy"]
[Date "2023.07.04"]
[Round "4.18"]
[White "Jezikowska, Nadzieja 1962"]
[Black "Novotny, Jaromir"]
[Result "1/2-1/2"]
[WhiteElo "1299"]
[BlackElo "1681"]
[PlyCount "87"]
[EventDate "2023.07.01"]
[EventType "swiss"]
[EventRounds "9"]
[EventCountry "CZE"]

1. e4 c5 2. Nf3 g6 3. d4 cxd4 4. Nxd4 Bg7 5. c3 Nc6 6. Nxc6 bxc6 7. Bd3 Nf6 8. O-O O-O 9. Nd2 d6 10. h3 Qc7 11. Nf3 Nd7 12. Bf4 Bb7 13. Re1 e5 14. Bg5 Nf6 15. Nd2 d5 16. Qc2 Nh5 17. Be2 Nf4 18. Bxf4 exf4 19. f3 Rae8 20. Bd3 Bf6 21. exd5 cxd5 22. Nb3 d4 23. cxd4 Qb6 24. Qf2 Rd8 25. Be4 Ba6 26. d5 Qxf2+ 27. Kxf2 Bxb2 28. Rad1 Bc4 29. Rb1 Bf6 30. Red1 Bh4+ 31. Kg1 f5 32. Bd3 Bxd5 33. a4 Bxb3 34. Rxb3 Kg7 35. Rdb1 Rf7 36. Bc4 Rfd7 37. Rb7 Kh6 38. Rxd7 Rxd7 39. Bb5 Rb7 40. Rd1 Re7 41. Bd7 Kg5 42. Kf1 Kf6 43. Bc6 Rc7 44. Bb5 1/2-1/2

[Event "29. Klatovy C 2023"]
[Site "Klatovy"]
[Date "2023.07.04"]
[Round "4.19"]
[White "Svec, Ludek"]
[Black "Tomecek, Marian"]
[Result "1-0"]
[WhiteElo "1614"]
[BlackElo "1294"]
[PlyCount "109"]
[EventDate "2023.07.01"]
[EventType "swiss"]
[EventRounds "9"]
[EventCountry "CZE"]

1. d4 d5 2. Nf3 Nf6 3. g3 Bg4 4. Ne5 Nbd7 5. Nxg4 Nxg4 6. e4 Ngf6 7. e5 Ng8 8. Bg2 c6 9. O-O e6 10. b3 Ne7 11. c4 dxc4 12. bxc4 Qc7 13. f4 Nf5 14. Kh1 Be7 15. c5 O-O 16. Nc3 Rad8 17. Qa4 b6 18. Bxc6 bxc5 19. d5 Nb6 20. Qe4 exd5 21. Bxd5 Nd4 22. f5 Nd7 23. Bf4 Qa5 24. Rac1 Qb6 25. g4 Qa6 26. g5 Rfe8 27. g6 hxg6 28. fxg6 Kh8 29. Bxf7 Rf8 30. Qg2 Nf5 31. Qh3+ Nh4 32. Bg3 Rxf7 33. gxf7 g5 34. Bxh4 gxh4 35. Qg4 Nxe5 36. Qh5+ Kg7 37. Qxe5+ Bf6 38. Qe2 Qb7+ 39. Qe4 Qxf7 40. Rg1+ Kf8 41. Qf3 c4 42. Rgf1 Kg7 43. Ne4 Rd3 44. Qxf6+ Qxf6 45. Nxf6 c3 46. Nh5+ Kh6 47. Nf4 Re3 48. Nd5 Rd3 49. Nxc3 h3 50. Rf5 a6 51. Ra5 Rf3 52. Rxa6+ Kh5 53. Kg1 Kg5 54. Ne4+ Kf5 55. Ng3+ 1-0

[Event "29. Klatovy C 2023"]
[Site "Klatovy"]
[Date "2023.07.04"]
[Round "4.20"]
[White "Sykora, Vaclav"]
[Black "Hanzlik, Jiri"]
[Result "1/2-1/2"]
[WhiteElo "1380"]
[BlackElo "1585"]
[PlyCount "50"]
[EventDate "2023.07.01"]
[EventType "swiss"]
[EventRounds "9"]
[EventCountry "CZE"]

1. c4 Nf6 2. Nc3 Nc6 3. b3 e5 4. d3 Bb4 5. Bb2 a6 6. Nf3 d6 7. e3 O-O 8. Be2 d5 9. O-O e4 10. dxe4 dxe4 11. Qxd8 Rxd8 12. Nd4 Nxd4 13. exd4 Rxd4 14. Nd5 Rd2 15. Bxf6 gxf6 16. Nxb4 Rxe2 17. Nd5 c6 18. Nxf6+ Kh8 19. Rfe1 Rxe1+ 20. Rxe1 Bf5 21. Nxe4 Bxe4 22. Rxe4 Rd8 23. Kf1 Rd2 24. Re2 Rd1+ 25. Re1 Rd2 1/2-1/2

[Event "29. Klatovy C 2023"]
[Site "Klatovy"]
[Date "2023.07.04"]
[Round "4.21"]
[White "Kotesovec, Jaroslav"]
[Black "Kotrba, Antonin"]
[Result "0-1"]
[WhiteElo "1473"]
[BlackElo "1125"]
[PlyCount "62"]
[EventDate "2023.07.01"]
[EventType "swiss"]
[EventRounds "9"]
[EventCountry "CZE"]

1. e4 c5 2. Nf3 d6 3. Bb5+ Bd7 4. Bxd7+ Qxd7 5. O-O Nc6 6. c3 e5 7. d4 cxd4 8. cxd4 exd4 9. Nxd4 Be7 10. Nc3 Nf6 11. Re1 O-O 12. Nf5 Rfe8 13. Bf4 Rad8 14. a3 a6 15. Qd3 Nh5 16. Be3 Bf8 17. Nd5 Ne7 18. Ndxe7+ Bxe7 19. g4 Nf6 20. Bd4 Kh8 21. Qf3 Rg8 22. g5 Ne8 23. Nh6 Rf8 24. Nxf7+ Kg8 25. g6 hxg6 26. Nh6+ gxh6 27. Qg3 Kh7 28. Re3 Bg5 29. Rf3 Rxf3 30. Qxf3 Ng7 31. Rc1 Bxc1 0-1

[Event "29. Klatovy C 2023"]
[Site "Klatovy"]
[Date "2023.07.04"]
[Round "4.22"]
[White "Nisztuk, Michal"]
[Black "Novy, Jan"]
[Result "1-0"]
[WhiteElo "1424"]
[BlackElo "1403"]
[PlyCount "75"]
[EventDate "2023.07.01"]
[EventType "swiss"]
[EventRounds "9"]
[EventCountry "CZE"]

1. e4 d5 2. exd5 Nf6 3. d4 Nxd5 4. Nf3 Bg4 5. Bc4 e6 6. O-O c6 7. Re1 Be7 8. Nbd2 O-O 9. Ne4 b5 10. Bb3 Nd7 11. a4 N7f6 12. axb5 cxb5 13. Qd3 a6 14. Bd2 Nxe4 15. Qxe4 Nf6 16. Qd3 Bf5 17. Qe2 a5 18. Qxb5 a4 19. Bxa4 Rb8 20. Qe2 Rxb2 21. Bc3 Rb8 22. Bb3 Ra8 23. Rxa8 Qxa8 24. Ra1 Qb7 25. Ne5 Ne4 26. Be1 Bf6 27. f3 Nd6 28. h4 Rc8 29. g4 Nb5 30. gxf5 Nxd4 31. Qe4 Nxf3+ 32. Qxf3 Qxf3 33. Nxf3 Bxa1 34. fxe6 Bc3 35. exf7+ Kf8 36. Bg3 Bf6 37. Ng5 h6 38. Bd6+ 1-0

[Event "29. Klatovy C 2023"]
[Site "Klatovy"]
[Date "2023.07.05"]
[Round "5.1"]
[White "Turner, Radek"]
[Black "Chalus, Karel"]
[Result "1-0"]
[WhiteElo "1991"]
[BlackElo "1975"]
[PlyCount "77"]
[EventDate "2023.07.01"]
[EventType "swiss"]
[EventRounds "9"]
[EventCountry "CZE"]
[TimeControl "120+30"]

1. c4 {[%emt 0:03:34]} c6 {[%emt 0:00:09]} 2. g3 {[%emt 0:00:07]} d6 {[%emt 0:00:05]} 3. Bg2 {[%emt 0:00:09]} e5 {[%emt 0:00:12]} 4. Nc3 {[%emt 0:00:12]} f5 {[%emt 0:00:16]} 5. d4 {[%emt 0:00:37]} Nf6 {[%emt 0:07:18]} 6. Nh3 {[%emt 0:10:57]} Be7 {[%emt 0:03:55]} 7. e4 {[%emt 0:02:55]} exd4 {[%emt 0:05:41]} 8. Qxd4 {[%emt 0:00:37]} Qb6 {[%emt 0:01:15]} 9. Qd3 {[%emt 0:31:39]} Na6 {[%emt 0:25:15]} 10. exf5 {[%emt 0:22:58]} Nb4 {[%emt 0:14:29]} 11. Qe2 {[%emt 0:04:54]} Bxf5 {[%emt 0:00:59]} 12. Be3 {[%emt 0:02:38]} Qa6 {[%emt 0:06:45]} 13. O-O {[%emt 0:03:09]} Bd3 {[%emt 0:02:34]} 14. Qd2 {[%emt 0:00:18]} Qxc4 {[%emt 0:03:58]} 15. Rfc1 {[%emt 0:00:14]} Bf5 {[%emt 0:34:08]} 16. Nd5 {[%emt 0:03:48]} Qxc1+ {[%emt 0:00:18]} 17. Rxc1 {[%emt 0:00:40]} Nbxd5 {[%emt 0:00:08]} 18. Bxd5 {[%emt 0:04:21]} Nxd5 {[%emt 0:01:12]} 19. Nf4 {[%emt 0:02:50]} Nxe3 {[%emt 0:02:33]} 20. Qxe3 {[%emt 0:00:14]} Kd7 {[%emt 0:00:05]} 21. Qb3 {[%emt 0:00:14]} b6 {[%emt 0:01:17]} 22. Qc4 {[%emt 0:02:02]} Rac8 {[%emt 0:00:28]} 23. Qf7 {[%emt 0:02:03]} Rcf8 {[%emt 0:00:06]} 24. Qc4 {[%emt 0:04:58]} Rc8 {[%emt 0:00:24]} 25. Qa4 {[%emt 0:01:31]} Rc7 {[%emt 0:01:19]} 26. Nd5 {[%emt 0:02:01]} b5 {[%emt 0:00:21]} 27. Qa5 {[%emt 0:00:10]} Rhc8 {[%emt 0:00:17]} 28. Nxc7 {[%emt 0:00:44]} Rxc7 {[%emt 0:00:06]} 29. a4 {[%emt 0:00:36]} Bd3 {[%emt 0:01:26]} 30. Qc3 {[%emt 0:00:50]} Bc4 {[%emt 0:01:20]} 31. Qxg7 {[%emt 0:02:00]} a6 {[%emt 0:00:21]} 32. axb5 {[%emt 0:00:51]} axb5 {[%emt 0:00:14]} 33. Re1 {[%emt 0:01:16]} Kd8 {[%emt 0:00:16]} 34. Qh8+ {[%emt 0:00:49]} Kd7 {[%emt 0:00:09]} 35. Qxh7 {[%emt 0:00:22]} Kd8 {[%emt 0:00:07]} 36. Ra1 {[%emt 0:05:40]} d5 {[%emt 0:00:30]} 37. Qf5 {[%emt 0:01:13]} Rb7 {[%emt 0:00:27]} 38. Qe6 {[%emt 0:01:09]} Bc5 {[%emt 0:00:22]} 39. Qxc6 {[%emt 0:00:22]} 1-0

[Event "29. Klatovy C 2023"]
[Site "Klatovy"]
[Date "2023.07.05"]
[Round "5.2"]
[White "Pribyl, Josef"]
[Black "Fiser, Jiri2"]
[Result "1-0"]
[WhiteElo "2230"]
[BlackElo "1784"]
[PlyCount "75"]
[EventDate "2023.07.01"]
[EventType "swiss"]
[EventRounds "9"]
[EventCountry "CZE"]
[TimeControl "120+30"]

1. b3 {[%emt 0:00:00]} e5 {[%emt 0:01:44]} 2. Bb2 {[%emt 0:00:02]} Nc6 {[%emt 0:00:53]} 3. e3 {[%emt 0:00:02]} d6 {[%emt 0:01:30]} 4. c4 {[%emt 0:00:57]} g6 {[%emt 0:00:39]} 5. g3 {[%emt 0:03:16]} Bg7 {[%emt 0:00:24]} 6. Bg2 {[%emt 0:00:16]} Bd7 {[%emt 0:00:19]} 7. h4 {[%emt 0:00:33]} Nf6 {[%emt 0:04:39]} 8. Ne2 {[%emt 0:00:25]} O-O {[%emt 0:02:36]} 9. Nbc3 {[%emt 0:00:08]} Re8 {[%emt 0:01:32]} 10. d3 {[%emt 0:01:48]} h5 {[%emt 0:08:57]} 11. Qd2 {[%emt 0:00:25]} Qc8 {[%emt 0:09:34]} 12. a3 {[%emt 0:05:23]} a5 {[%emt 0:02:34]} 13. Rc1 {[%emt 0:05:29]} Bh6 {[%emt 0:07:39]} 14. Qc2 {[%emt 0:06:22]} Bg4 {[%emt 0:05:19]} 15. Ne4 {[%emt 0:08:00]} Nxe4 {[%emt 0:00:57]} 16. dxe4 {[%emt 0:00:02]} Bxe2 {[%emt 0:05:50]} 17. Qxe2 {[%emt 0:00:23]} b6 {[%emt 0:00:58]} 18. Bh3 {[%emt 0:02:06]} Qd8 {[%emt 0:00:02]} 19. Rd1 {[%emt 0:01:06]} Qe7 {[%emt 0:01:24]} 20. g4 {[%emt 0:12:16]} hxg4 {[%emt 0:02:35]} 21. Qxg4 {[%emt 0:01:25]} Rf8 {[%emt 0:00:37]} 22. h5 {[%emt 0:00:54]} g5 {[%emt 0:05:16]} 23. Qd7 {[%emt 0:07:27]} Qxd7 {[%emt 0:02:36]} 24. Bxd7 {[%emt 0:00:02]} Ne7 {[%emt 0:00:09]} 25. Ke2 {[%emt 0:00:33]} f5 {[%emt 0:02:51]} 26. exf5 {[%emt 0:01:25]} Nxf5 {[%emt 0:00:03]} 27. Rhg1 {[%emt 0:02:55]} Ng7 {[%emt 0:04:14]} 28. Bc6 {[%emt 0:01:46]} Rad8 {[%emt 0:00:18]} 29. b4 {[%emt 0:01:42]} axb4 {[%emt 0:00:24]} 30. axb4 {[%emt 0:00:03]} Kh8 {[%emt 0:07:35]} 31. Ra1 {[%emt 0:04:35]} Rf7 {[%emt 0:01:51]} 32. Ra7 {[%emt 0:03:27]} Rdf8 {[%emt 0:01:03]} 33. Rg2 {[%emt 0:00:57]} Nxh5 {[%emt 0:15:54]} 34. Bd5 {[%emt 0:01:20]} Rh7 {[%emt 0:04:48]} 35. Be4 {[%emt 0:04:56]} Rhf7 {[%emt 0:16:16]} 36. Bg6 {[%emt 0:00:07]} Nf4+ {[%emt 0:00:09]} 37. exf4 {[%emt 0:00:23]} gxf4 {[%emt 0:00:03]} 38. Bxf7 {[%emt 0:00:52]} 1-0

[Event "29. Klatovy C 2023"]
[Site "Klatovy"]
[Date "2023.07.05"]
[Round "5.4"]
[White "Sedlak, Ludek"]
[Black "Baumruk, Josef"]
[Result "1-0"]
[WhiteElo "1885"]
[BlackElo "1947"]
[PlyCount "115"]
[EventDate "2023.07.01"]
[EventType "swiss"]
[EventRounds "9"]
[EventCountry "CZE"]
[TimeControl "120+30"]

1. e4 {[%emt 0:00:02]} e6 {[%emt 0:00:06]} 2. d4 {[%emt 0:00:34]} d5 {[%emt 0:00:06]} 3. e5 {[%emt 0:00:05]} c5 {[%emt 0:00:06]} 4. c3 {[%emt 0:00:05]} Nc6 {[%emt 0:00:11]} 5. Nf3 {[%emt 0:00:19]} Bd7 {[%emt 0:00:41]} 6. a3 {[%emt 0:02:56]} c4 {[%emt 0:03:35]} 7. g3 {[%emt 0:22:02]} Na5 {[%emt 0:06:42]} 8. Nbd2 {[%emt 0:00:25]} Rc8 {[%emt 0:00:17]} 9. Bg2 {[%emt 0:01:02]} Be7 {[%emt 0:05:24]} 10. O-O {[%emt 0:00:20]} g5 {[%emt 0:01:47]} 11. h3 {[%emt 0:01:03]} h5 {[%emt 0:00:29]} 12. Nh2 {[%emt 0:01:51]} Bc6 {[%emt 0:18:31]} 13. f4 {[%emt 0:17:19]} gxf4 {[%emt 0:02:05]} 14. gxf4 {[%emt 0:00:58]} f5 {[%emt 0:09:58]} 15. exf6 {[%emt 0:04:46]} Nxf6 {[%emt 0:00:43]} 16. Re1 {[%emt 0:08:13]} Qd6 {[%emt 0:02:44]} 17. Ndf3 {[%emt 0:02:26]} Nb3 {[%emt 0:08:12]} 18. Rb1 {[%emt 0:00:36]} Nxc1 {[%emt 0:00:27]} 19. Qxc1 {[%emt 0:00:22]} Rg8 {[%emt 0:02:49]} 20. Ne5 {[%emt 0:03:18]} Rc7 {[%emt 0:08:35]} 21. Nhf3 {[%emt 0:05:01]} Bf8 {[%emt 0:01:27]} 22. Ng5 {[%emt 0:03:04]} Ne4 {[%emt 0:18:52]} 23. h4 {[%emt 0:00:36]} Bh6 {[%emt 0:02:48]} 24. Bf3 {[%emt 0:02:24]} Nxg5 {[%emt 0:02:10]} 25. fxg5 {[%emt 0:15:50]} Bxg5 {[%emt 0:05:29]} 26. Bxh5+ {[%emt 0:01:24]} Kd8 {[%emt 0:01:26]} 27. hxg5 {[%emt 0:00:37]} Rh7 {[%emt 0:10:47]} 28. Qf4 {[%emt 0:27:53]} Kc7 {[%emt 0:02:04]} 29. Rf1 {[%emt 0:00:24]} Bd7 {[%emt 0:06:10]} 30. Be2 {[%emt 0:02:46]} Rgh8 {[%emt 0:00:37]} 31. Ng6 {[%emt 0:02:12]} Rh1+ {[%emt 0:01:08]} 32. Kf2 {[%emt 0:00:17]} e5 {[%emt 0:04:53]} 33. Qxe5 {[%emt 0:00:14]} R1h2+ {[%emt 0:00:20]} 34. Kf3 {[%emt 0:02:19]} R8h3+ {[%emt 0:00:47]} 35. Kf4 {[%emt 0:00:31]} Rxe2 {[%emt 0:00:46]} 36. Qxd6+ {[%emt 0:00:26]} Kxd6 {[%emt 0:00:10]} 37. Rbe1 {[%emt 0:00:47]} Rxb2 {[%emt 0:00:46]} 38. Re3 {[%emt 0:00:49]} Rxe3 {[%emt 0:01:47]} 39. Kxe3 {[%emt 0:00:01]} Rc2 {[%emt 0:00:10]} 40. Ne5 {[%emt 0:00:19]} Rxc3+ {[%emt 0:00:22]} 41. Kf4 {[%emt 0:00:04]} Be6 {[%emt 0:00:40]} 42. g6 {[%emt 0:00:14]} Rxa3 {[%emt 0:00:19]} 43. Re1 {[%emt 0:00:44]} b5 {[%emt 0:00:43]} 44. Nf7+ {[%emt 0:00:35]} Kd7 {[%emt 0:00:40]} 45. Ne5+ {[%emt 0:00:11]} Ke7 {[%emt 0:00:29]} 46. Nf3 {[%emt 0:01:56]} Kf6 {[%emt 0:00:45]} 47. Ng5 {[%emt 0:00:22]} Bf5 {[%emt 0:00:19]} 48. g7 {[%emt 0:00:15]} Kxg7 {[%emt 0:00:42]} 49. Kxf5 {[%emt 0:00:02]} c3 {[%emt 0:00:36]} 50. Re7+ {[%emt 0:00:11]} Kf8 {[%emt 0:00:18]} 51. Kf6 {[%emt 0:01:30]} Ra6+ {[%emt 0:01:55]} 52. Ne6+ {[%emt 0:00:10]} Rxe6+ {[%emt 0:01:13]} 53. Rxe6 {[%emt 0:01:30]} b4 {[%emt 0:00:04]} 54. Rc6 {[%emt 0:01:08]} Ke8 {[%emt 0:00:03]} 55. Ke6 {[%emt 0:00:13]} Kd8 {[%emt 0:00:05]} 56. Kxd5 {[%emt 0:00:12]} a5 {[%emt 0:00:09]} 57. Kc4 {[%emt 0:00:24]} Kd7 {[%emt 0:00:08]} 58. Rc5 {[%emt 0:00:00]} 1-0